000 01900 a2200253 4500
999 _c10912
_d10912
020 _a9780443067976
050 _aRB33
_b.YOU 2011
100 _a Young, Barbara
245 _a Wheater's basic pathology :
_ba text, atlas, and review of histopathology /
_cBarbara Young, William Stewart, Geraldine O'Dowd
250 _aFifth edition
264 _aEdinburg:
_bChurchill Livingstone/Elsevier
_c♭2011
300 _a x, 337 pages : illustrations ; 30 cm
336 _1text
_ardacontent
_btxt
337 _1unmediated
_ardamedia
_bn
338 _1volume
_ardacarrier
_bnc
500 _a Revised edition of: Wheater's basic histopathology / [edited] by Alan Stevens, James S. Lowe, Barbara Young ; drawings by Philip J. Deakin. 2002
504 _aIncludes index
505 _aCellular responses to injury Acute inflammation, healing and repair Chronic inflammation Infections of histological importance Amyloidosis Disorders of growth Dysplasia and neoplasia Atherosclerosis Thrombosis and embolism Infarction Cardiovascular system Respiratory system Gastrointestinal system Liver and pancreaticobiliary system Urinary system Lymphoid and haematopoietic systems Female reproductive system Breast Male reproductive system Endocrine system Skin Bone and soft tissues Nervous system
520 _aThis text offers a comprehensive introduction to pathology first by covering fundamental pathological processes and then addressing the common diseases encountered in systems pathology. Hundreds of high-quality images illustrate the essential features of pathology and make it easy to make definitive comparisons to your own lab sample, while concise captions enable you to quickly and easily understand key points
650 _aPathology:
_xScientific atlases
700 _a O'Dowd, Geraldine
_eeditor
700 _a Stewart, William
_eeditor
942 _2lcc
_cBK
_h33
_iYOU
_kRB